000 00568nam a2200181Ia 4500
008 100917s9999 xx 000 0 und d
082 _b58462
100 _aजोशी शशिकांत
245 _aमृत्यू माझा वैरी
260 _bगिरिराज प्रकाशन
_c1983
300 _a101
365 _b15
520 _aकादंबरी
630 _aमृत्यू माझा वैरी
650 _aकादंबरी
730 _aमृत्यू माझा वैरी
942 _cBOOK
999 _c663856
_d663853